Statistics for Every Incorporated Municipality in Florida

Click here to take the quiz!

General Stats

  • This quiz has been taken 33 times
  • The average score is 110 of 411

Answer Stats

PopulationCountyAnswer% Correct
285,713OrangeOrlando
94%
392,890HillsboroughTampa
94%
903,889DuvalJacksonville
89%
470,914Miami-DadeMiami
89%
238,942Miami-DadeHialeah
78%
24,565MonroeKey West
78%
57,738SarasotaSarasota
78%
265,098PineallasSt. Petersburg
78%
193,551LeonTallahassee
78%
111,398Palm BeachWest Palm Beach
78%
99,244Palm BeachBoca Raton
72%
78,050Palm BeachBoynton Beach
72%
116,478PineallasClearwater
72%
133,857AlachuaGainesville
72%
91,718Miami-DadeMiami Beach
72%
8,802Palm BeachPalm Beach
72%
87,607FlaglerPalm Coast
72%
36,908BayPanama City
72%
52,713EscambiaPensacola
72%
195,248St. LuciePort St. Lucie
72%
14,576St. JohnsSt. Augustine
72%
57,644ManateeBradenton
67%
68,866VolusiaDaytona Beach
67%
182,595BrowardFort Lauderdale
67%
82,254LeeFort Myers
67%
73,597OsceolaKissimmee
67%
113,069Miami-DadeMiami Gardens
67%
62,996Miami-DadeNorth Miami
67%
9,949AlachuaAlachua
61%
488GilchristBell
61%
189,343LeeCape Coral
61%
65,524Palm BeachJupiter
61%
82,826BrevardMelbourne
61%
22,039CollierNaples
61%
5,731OkeechobeeOkeechobee
61%
114,194BrevardPalm Bay
61%
53,098PineallasPineallas Park
61%
43,020PolkWinter Haven
61%
18,619BrevardCocoa
56%
11,737BrevardCocoa Beach
56%
50,999Miami-DadeCoral Gables
56%
91,951VolusiaDeltona
56%
61,824Miami-DadeDoral
56%
12,077Miami-DadeFlorida City
56%
154,823BrowardHollywood
56%
70,477Miami-DadeHomestead
56%
110,516PolkLakeland
56%
84,996PineallasLargo
56%
328MadisonLee
56%
45,887Miami-DadeNorth Miami Beach
56%
60,429MarionOcala
56%
111,954BrowardPompano Beach
56%
64,252VolusiaPort Orange
56%
71,210BrowardWeston
56%
31,059OrangeWinter Park
56%
57,370LeeBonita Springs
50%
33,532VolusiaDeland
50%
69,358Palm BeachDelray Beach
50%
46,071St. LucieFort Pierce
50%
23,669DuvalJacksonville Beach
50%
8,645MonroeMarathon
50%
140,823BrowardMiramar
50%
13,129Palm BeachNorth Palm Beach
50%
68,628SarasotaNorth Port
50%
43,475VolusiaOrmond Beach
50%
13,065BayPanama City Beach
50%
172,374BrowardPembroke Pines
50%
3,562GulfPort St. Joe
50%
60,035SeminoleSanford
50%
25,719Indian RiverSebastian
50%
10,937HighlandsSebring
50%
95,458BrowardSunrise
50%
66,054BrowardTamarac
50%
46,497BrevardTitusville
50%
17,236Indian RiverVero Beach
50%
65,200Palm BeachWellington
50%
53,489OrangeApopka
44%
8,201DeSotoArcadia
44%
37,988Miami-DadeAventura
44%
19,926PolkBartow
44%
3,159Miami-DadeBiscayne Park
44%
10,449BrevardCape Canaveral
44%
61,361BrowardCoconut Creek
44%
133,507BrowardCoral Springs
44%
106,558BrowardDavie
44%
80,863BrowardDeerfield Beach
44%
14,077OkaloosaDestin
44%
36,580PinellasDunedin
44%
22,284OkaloosaFort Walton Beach
44%
24,043Miami-DadeHialeah Gardens
44%
7,390CitrusInverness
44%
6,383MonroeIslamorada
44%
72,094BrowardLauderhill
44%
23,163LakeLeesburg
44%
17,930CollierMarco Island
44%
58,656BrowardMargate
44%
31,628Miami-DadeMiami Lakes
44%
44,391BrowardNorth Lauderdale
44%
10,465PutnamPalatka
44%
56,284Palm BeachPalm Beach Gardens
44%
94,288BrowardPlantation
44%
39,156HillsboroughPlant City
44%
20,057CharlottePunta Gorda
44%
40,018Palm BeachRoyal Palm Beach
44%
18,866PinellasSeminole
44%
12,219MiamiSouth Miami
44%
1,471Palm BeachSouth Palm Beach
44%
54,115OsceolaSt. Cloud
44%
16,293MartinStuart
44%
23,376SarasotaVenice
44%
45,266OrangeWinter Garden
44%
44,241SeminoleAltamonte Springs
39%
20,058Palm BeachBelle Glade
39%
36,693LakeClermont
39%
35,853BrowardCooper City
39%
24,665OkaloosaCrestview
39%
3,162CitrusCrystal River
39%
32,271BrowardDania Beach
39%
21,083LakeEustis
39%
5,754Indian RiverFellsmere
39%
25,091PolkHaines City
39%
4,252Indian RiverIndian River Shores
39%
27,229VolusiaNew Smyrna Beach
39%
47,720OrangeOcoee
39%
41,557SeminoleOviedo
39%
6,270Palm BeachPahokee
39%
33,631BrowardParkland
39%
11,088BrevardSatellite Beach
39%
7,026St. JohnsSt. Augustine Beach
39%
5,802Miami-DadeSurfside
39%
25,571PinellasTarpon Springs
39%
15,563PascoZephyrhills
39%
10,695HighlandsAvon Park
33%
7,985HendryClewiston
33%
7,232PascoDade City
33%
33,474LeeEstero
33%
12,558NassauFernandina Beach
33%
959Miami-DadeGolden Beach
33%
41,084Palm BeachGreenacres
33%
39,940BrowardHallandale Beach
33%
3,649Palm BeachJuno Beach
33%
27OrangeLake Buena Vista
33%
16,577PolkLake Wales
33%
11,867Palm BeachLantana
33%
11,283BrowardLighthouse Point
33%
3,288BrevardMelbourne Beach
33%
10,562Miami-DadeMiami Shores
33%
16,494PascoNew Port Richey
33%
1,160BrevardPalm Shores
33%
25,061Palm BeachPalm Springs
33%
19,591Miami-DadePinecrest
33%
27,715BrevardRockledge
33%
9,452BaySpringfield
33%
5,411BradfordStarke
33%
22,295Miami-DadeSunny Isles Beach
33%
6,133Palm BeachTequesta
33%
37,321SeminoleWinter Springs
33%
13,831DuvalAtlantic Beach
28%
1,495DuvalBaldwin
28%
51OrangeBay Lake
28%
4,217PinellasBelleair
28%
44,867Miami-DadeCutler Bay
28%
1,819MarionDunnellon
28%
6,203PolkFort Meade
28%
920MartinJupiter Island
28%
5,226HendryLaBelle
28%
12,116ColumbiaLake City
28%
38,267Palm BeachLake Worth Beach
28%
6,680BrowardLauderdale-by-the-Sea
28%
36,324BrowardLauderdale Lakes
28%
14,315Miami-DadeMiami Springs
28%
10,269Santa RosaMilton
28%
16,356Miami-DadeOpa-locka
28%
13,717ManateePalmetto
28%
34,834Palm BeachRiviera Beach
28%
7,402LeeSanibel
28%
13,054VolusiaSouth Daytona
28%
26,471HillsboroughTemple Terrace
28%
8,052Miami-DadeWest Miami
28%
2,344FranklinApalachicola
22%
15,291PolkAuburndale
22%
7,166OrangeBelle Isle
22%
730SuwanneeBranford
22%
8,298HernandoBrooksville
22%
2,169LevyChiefland
22%
4,541VolusiaDaytona Beach Shores
22%
424CollierEverglades City
22%
275Palm BeachGolf
22%
8,313ClayGreen Cove Springs
22%
12,401PinellasGulfport
22%
17,293SeminoleLake Mary
22%
2,439HighlandsLake Placid
22%
7,323Manatee/SarasotaLongboat Key
22%
15,124SeminoleLongwood
22%
2,797MadisonMadison
22%
1,807GladesMoore Haven
22%
14,216LakeMount Dora
22%
8,273Miami-DadeNorth Bay Village
22%
3,087OrangeOakland
22%
45,339BrowardOakland Park
22%
24,589Miami-DadePalmetto Bay
22%
18,90VolusiaPierson
22%
7,235GadsenQuincy
22%
9,649PinellasSt. Pete Beach
22%
3,805LakeUmatilla
22%
1,173AlachuaArcher
17%
3,039Miami-DadeBal Harbour
17%
5,964Miami-DadeBay Harbor Islands
17%
1,609PinellasBelleair Beach
17%
2,199PinellasBelleair Bluffs
17%
114PinellasBelleair Shore
17%
2,478CalhounBlountstown
17%
2,692HolmesBonifay
17%
1,278ManateeBradenton Beach
17%
146Palm BeachCloud Lake
17%
21,118VolusiaDeBary
17%
6,719WaltonDeFuniak Springs
17%
22,669VolusiaEdgewater
17%
5,081FlaglerFlagler Beach
17%
3,273PolkFrostproof
17%
10,122LakeFruitland Park
17%
4,254BrevardGrant-Valkaria
17%
820MadisonGreenville
17%
14,677LakeGroveland
17%
2,020BrowardHillsboro Beach
17%
2,913brevardIndialantic
17%
8,565BrevardIndian Harbour Beach
17%
620Santa RoseJay
17%
13,149Miami-DadeKey Biscayne
17%
6,974SuwanneeLive Oak
17%
4,372PinellasMadeira Beach
17%
17,947OrangeMaitland
17%
3,133BrevardMalabar
17%
7,091JacksonMarianna
17%
11Flagler/St.JohnsMarineland
17%
1,223BayMexico Beach
17%
2,425JeffersonMonticello
17%
7,297DuvalNeptune Beach
17%
15,579OkaloosaNiceville
17%
2,183VolusiaOak Hill
17%
11,804VolusiaOrange City
17%
8,809ClayOrange Park
17%
18,031PinellasSafety Harbor
17%
6,947PinellasTreasure Island
17%
1,023AlachuaWaldo
17%
1,114SumterWebster
17%
3,509OrangeWindermere
17%
467JacksonAlford
11%
1,749ManateeAnna Maria
11%
2,059LakeAstatula
11%
2,109Palm BeachAtlantis
11%
116JacksonBascom
11%
5,022MarionBelleview
11%
400FlaglerBeverly Beach
11%
2,902HardeeBowling Green
11%
653Palm BeachBriny Breezes
11%
998LibertyBristol
11%
2,820FlaglerBunnell
11%
3,119SumterBushnell
11%
1,353NassauCallahan
11%
225JacksonCampbellton
11%
28,876SeminoleCasselberry
11%
686LevyCedar Key
11%
1,817EscambiaCentury
11%
905JacksonCottondale
11%
1,542PutnamCrescent City
11%
1,712DixieCross City
11%
5,378PolkDavenport
11%
2,977OrangeEdgewood
11%
2,471Miami-DadeEl Portal
11%
7,102LeeFort Myers Beach
11%
2,200JacksonGraceville
11%
614GadsdenGreensboro
11%
1,707GadsenHavana
11%
1,527AlachuaHawthorne
11%
12,316VolusiaHolly Hill
11%
4,295ManateeHolmes Beach
11%
2,783Palm BeachHypoluxo
11%
91Miami-DadeIndian Creek
11%
1,476PinellasIndian Shores
11%
1,461PutnamInterlachen
11%
4,098HamiltonJasper
11%
452Palm BeachJupiter Inlet Colony
11%
5,059PinellasKenneth City
11%
1,518Bradford/ClayKeystone Heights
11%
15,622LakeLady Lake
11%
2,814VolusiaLake Helen
11%
189MonroeLayton
11%
26BrowardLazy Lake
11%
3,564Palm BeachLoxahatchee Groves
11%
466Palm BeachManalapan
11%
5,873LakeMascotte
11%
1,286LafayetteMayo
11%
890Miami-DadeMedley
11%
697BrevardMelbourne Village
11%
3,194GadsenMidway
11%
1,477PinellasNorth Redington Beach
11%
14,841PinellasOldsmar
11%
452Indian RiverOrchid
11%
6,730BrowardPembroke Park
11%
6,928TaylorPerry
11%
2,869PascoPort Richey
11%
1,481PinellasRedington Beach
11%
2,309PinellasRedington Shores
11%
1,798JacksonSneads
11%
482WakullaSopchoppy
11%
5,117PinellasSouth Pasadena
11%
7,981BrowardSouthwest Ranches
11%
21,543Miami-DadeSweetwater
11%
17,472LakeTavares
11%
2,125GilchristTrenton
11%
690WasingtonVernon
11%
2,451Miami-DadeVirginia Gardens
11%
137Palm BeachWestlake
11%
23,372BrevardWest Malbourne
11%
15,113BrowardWest Park
11%
7,024SumterWildwood
11%
12,797BrowardWilton Manors
11%
519LevyYankeetown
11%
504CalhounAltha
6%
1,133LevyBronson
6%
334BradfordBrooker
6%
15,216BayCallaway
6%
2,515FranklinCarrabelle
6%
282WashingtonCaryville
6%
1,409SumterCenter Hill
6%
3,065GadsenChattahoochee
6%
3,570WashingtonChipley
6%
438OkalooseCinco Bayou
6%
877SumterColeman
6%
4,816PolkDundee
6%
2,708PolkEagle Lake
6%
2,301OrangeEatonville
6%
602ColumbiaFort White
6%
243Paln BeachGlen Ridge
6%
879JacksonGrand Ridge
6%
662JacksonGreenwood
6%
1,526GadsenGretna
6%
6,716Santa RosaGulf Breeze
6%
880Palm BeachGulf Stream
6%
2,123Palm BeachHaverhill
6%
3,915Palm BeachHighland Beach
6%
264PolkHighland Park
6%
6,137AlachuaHigh Springs
6%
294PolkHillcrest Heights
6%
3,209NassauHilliard
6%
1,175LakeHowey-in-the-Hills
6%
4,286PinellasIndian Rocks Beach
6%
246JacksonJacob City
6%
814MonroeKey Colony Beach
6%
395AlachuaLaCrosse
6%
5,977PolkLake Alfred
6%
1,797UnionLake Butler
6%
3,628Palm BeachLake Clarke Shores
6%
1,442PolkLake Hamilton
6%
8,605Palm BeachLake Park
6%
609OkalooseLaurel Hill
6%
21,492BayLynn Haven
6%
6,705BakerMacclenny
6%
2,170JacksonMalone
6%
2,017Palm BeachMangonia Park
6%
4,370OkaloosaMary Esther
6%
490MarionMcIntosh
6%
641AlachuaMicanopy
6%
12,124LakeMinneola
6%
1,675LakeMontverde
6%
4,192PolkMulberry
6%
6,115AlachuaNewberry
6%
388MartinOcean Breeze
6%
1,956Palm BeachOcean Ridge
6%
1,264Palm BeachPalm Beach Shores
6%
4,584BayParker
6%
824OkaloosaPenney Farms
6%
2,422PolkPolk City
6%
916PutnamPomona Park
6%
564HolmesPonce de Leon
6%
3,282VolusiaPonce Inlet
6%
541MarionReddick
6%
1,448PascoSan Antonio
6%
618BrowardSea Ranch Lakes
6%
2,216MartinSewall's Point
6%
824ClayShalimar
6%
5,185Palm BeachSouth Bay
6%
1,376PascoSt. Leo
6%
642St. LucieSt. Lucie Village
6%
5,195OkaloosaValparaiso
6%
4,895HardeeWauchula
6%
712PutnamWelaka
6%
280HolmesWestville
6%
767HamiltonWhite Springs
6%
2,718LevyWilliston
6%
275WashingtonEbro
0%
352HolmesEsto
0%
1,015Gilchrist/LevyFanning Springs
0%
2,472WaltonFreeport
0%
450BakerGlen St. Mary
0%
497BradfordHampton
0%
648St. JohnsHastings
0%
167DixieHoreshoe Beach
0%
1,323LevyInglis
0%
863HamiltonJennings
0%
722BradfordLawtey Nour Town
0%
204HolmesNoma
0%
133LevyOtter Creek
0%
822WaltonPaxton
0%
236UnionRaiford
0%
319WakullaSt. Marks
0%
387WashingtonWausau
0%
2,095GulfWewahitchka
0%
380UnionWorthington Springs
0%
1,803HardeeZolfo Springs
0%

Score Distribution

Percentile by Number Answered

Percent of People with Each Score

Your Score History

You have not taken this quiz